| 000 | 01069nam a2200265Ia 4500 | ||
|---|---|---|---|
| 003 | OSt | ||
| 005 | 20220923211531.0 | ||
| 006 | a|||||r|||| 00| 0 | ||
| 007 | ta | ||
| 008 | 220922b |||||||| |||| 00| 0 hin d | ||
| 020 |
_a9789381838075 (hbk) _c950 |
||
| 024 | _a290,163 | ||
| 037 |
_b24573, 15/03/2016, Kitab Ghar _cTextual |
||
| 040 |
_aARTS _cARTS _bhin |
||
| 041 |
_2hin _ahin |
||
| 082 | _aO152,3NSH34,CV, Q4 | ||
| 100 |
_aशर्मा, मदन लाल _9156265 |
||
| 245 | 0 |
_aचन्द्र - वंश _b आर्य - इतिहास का तृतीय - अध्याय |
|
| 246 | _aChandra - vansha: ārya - itihās kā tṛutīya - adhyāya: hinākāvyātmak - upanyāsa | ||
| 260 |
_aदिल्ली _b व्रजेश्वरी - प्रकाशन _c2014 |
||
| 300 |
_a466पृ. _ccm. |
||
| 650 |
_aहिन्दी साहित्य _9156264 |
||
| 942 |
_hO152,3NSH34,CV, Q4 _cTEXL _2CC |
||
| 999 |
_c300522 _d300522 |
||